| 000 | 00459cam a2200157ua 4500 | ||
|---|---|---|---|
| 003 | OSt | ||
| 008 | 221019b |||||||| |||| 00| 0 eng d | ||
| 041 | _aeng | ||
| 082 |
_a627.8 _bCEN/IN |
||
| 245 | _aInnovative construction of water resources projects in Asian region : Publication no. 228 | ||
| 250 | _a1 / | ||
| 260 |
_aNew Delhi : _bCentral Board of Irrigation and Power (CBIP) , _c1962. |
||
| 300 | _a150 ; . | ||
| 500 | _a** Reference | ||
| 942 | _cBK | ||
| 999 |
_c10177 _d10177 |
||